Теория речевой деятельности (Запись № 246480)

Подробности
000 -МАРКЕР
контрольное поле 02254nam0a2200469 4500
001 - ИДЕНТИФИКАТОР ЗАПИСИ
контрольное поле RU\NLR\bibl\351340
005 - ИДЕНТИФИКАТОР ВЕРСИИ
контрольное поле 20260405213810.0
010 ## - МЕЖДУНАРОДНЫЙ СТАНДАРТНЫЙ НОМЕР КНИГИ (ISBN)
Номер (ISBN) 5-8064-0320-3
Тираж 1000
021 ## - НОМЕР ГОСУДАРСТВЕННОЙ РЕГИСТРАЦИИ
Код страны Российская Федерация
Номер 2002-48960
Номер Листа государственной регистраци 2367
035 ## - ДРУГИЕ СИСТЕМНЫЕ НОМЕРА
Идентификатор записи (NLR Aleph) 000346059
100 ## - ДАННЫЕ ОБЩЕЙ ОБРАБОТКИ
Данные общей обработки 20021218d2000 |||y0rusy50 ca
101 0# - ЯЗЫК РЕСУРСА
Язык текста, звукозаписи и т.д. русский
102 ## - СТРАНА ПУБЛИКАЦИИ ИЛИ ПРОИЗВОДСТВА
Страна публикации Российская Федерация
105 ## - ПОЛЕ КОДИРОВАННЫХ ДАННЫХ: ТЕКСТОВЫЕ МАТЕРИАЛЫ, МОНОГРАФИЧЕСКИЕ
Кодированные данные о монографическом текстовом документе y |||||||||
200 1# - ЗАГЛАВИЕ И СВЕДЕНИЯ ОБ ОТВЕТСТВЕННОСТИ
Основное заглавие Теория речевой деятельности
Сведения, относящиеся к заглавию Хрестоматия
Первые сведения об ответственности Р.И. Лалаева, Е.А. Логинова, Т.А. Титов
Последующие сведения об ответственности Под ред. Р.И. Лалаевой
-- Рос. гос. пед. ун-т им. А.И. Герцена
210 ## - ПУБЛИКАЦИЯ, РАСПРОСТРАНЕНИЕ И ДР.
Место издания, распространения и т.д. СПб.
Имя издателя, распространителя и т. д. Изд-во РГПУ им. А.И. Герцена
Дата издания, распространения и т.д. 2000
215 ## - ФИЗИЧЕСКАЯ ХАРАКТЕРИСТИКА
Специфическое обозначение материала и объем 413 с.
Размеры 21
320 ## - ПРИМЕЧАНИЯ О НАЛИЧИИ В ДОКУМЕНТЕ БИБЛИОГРАФИИ / УКАЗАТЕЛЯ
Текст примечания Библиогр.: с. 411 (28 назв.)
606 0# - НАИМЕНОВАНИЕ ТЕМЫ КАК ПРЕДМЕТ
Наименование темы Психолингвистика
Формальный подзаголовок Руководства, пособия и т.п.
Системный номер авторитетной/нормативной записи 957276
Идентификатор авторитетной/нормативной записи RU\NLR\auth\66356957
606 0# - НАИМЕНОВАНИЕ ТЕМЫ КАК ПРЕДМЕТ
Наименование темы Психолингвистика
Формальный подзаголовок Учебные издания
Системный номер авторитетной/нормативной записи 957276
Идентификатор авторитетной/нормативной записи RU\NLR\auth\66356957
606 0# - НАИМЕНОВАНИЕ ТЕМЫ КАК ПРЕДМЕТ
Наименование темы Язык и речь
Формальный подзаголовок Руководства, пособия и т.п.
Системный номер авторитетной/нормативной записи 1995714
Идентификатор авторитетной/нормативной записи RU\NLR\auth\661202012
606 0# - НАИМЕНОВАНИЕ ТЕМЫ КАК ПРЕДМЕТ
Наименование темы Язык и речь
Формальный подзаголовок Учебные издания
Системный номер авторитетной/нормативной записи 1995714
Идентификатор авторитетной/нормативной записи RU\NLR\auth\661202012
606 0# - НАИМЕНОВАНИЕ ТЕМЫ КАК ПРЕДМЕТ
Наименование темы Логопедия
Формальный подзаголовок Хрестоматии
Системный номер авторитетной/нормативной записи 943775
Идентификатор авторитетной/нормативной записи RU\NLR\auth\66349633
610 0# - НЕКОНТРОЛИРУЕМЫЕ ПРЕДМЕТНЫЕ ТЕРМИНЫ
Предметный термин Речевая деятельность
610 0# - НЕКОНТРОЛИРУЕМЫЕ ПРЕДМЕТНЫЕ ТЕРМИНЫ
Предметный термин Психолингвистика - Хрестоматии
675 ## - УНИВЕРСАЛЬНАЯ ДЕСЯТИЧНАЯ КЛАССИФИКАЦИЯ (UDC/УДК)
Индекс 81'23(075.8)
Издание 3
Язык издания rus
686 ## - ИНДЕКСЫ ДРУГИХ КЛАССИФИКАЦИЙ
Индекс 16.41
Код системы
686 ## - ИНДЕКСЫ ДРУГИХ КЛАССИФИКАЦИЙ
Индекс 81-923
Код системы
686 ## - ИНДЕКСЫ ДРУГИХ КЛАССИФИКАЦИЙ
Индекс Ш100.42я7
686 ## - ИНДЕКСЫ ДРУГИХ КЛАССИФИКАЦИЙ
Индекс Ш100.52я7
686 ## - ИНДЕКСЫ ДРУГИХ КЛАССИФИКАЦИЙ
Индекс Ч437я7
700 #1 - ИМЯ ЛИЦА - ПЕРВИЧНАЯ ОТВЕТСТВЕННОСТЬ
Начальный элемент ввода Лалаева
Часть имени, кроме начального элемента ввода Р. И.
Расширение инициалов личного имени Раиса Ивановна
Код отношения Автор
701 #1 - ИМЯ ЛИЦА - АЛЬТЕРНАТИВНАЯ ОТВЕТСТВЕННОСТЬ
Код отношения Автор
Начальный элемент ввода Логинова
Часть имени, кроме начального элемента ввода Е. А.
Дополнения к именам, кроме дат канд. пед. наук, логопедия
Расширение инициалов личного имени Елена Александровна
Системный номер авторитетной/нормативной записи 207911
Идентификатор авторитетной/нормативной записи RU\NLR\AUTH\770207964
701 #1 - ИМЯ ЛИЦА - АЛЬТЕРНАТИВНАЯ ОТВЕТСТВЕННОСТЬ
Код отношения Автор
Материалы, к которым относится поле rus
Графика поля Кириллица
Начальный элемент ввода Титова
Часть имени, кроме начального элемента ввода Т. А.
Дополнения к именам, кроме дат педагог, логопедия
Расширение инициалов личного имени Тамара Александровна
Идентификатор авторитетной/нормативной записи RU\NLR\auth\7796795
Системный номер авторитетной/нормативной записи 79721
801 #0 - ИСТОЧНИК ЗАПИСИ
Страна Российская Федерация
Организация RKP
Дата составления 20021218
Правила каталогизации PSBO
801 #1 - ИСТОЧНИК ЗАПИСИ
Страна Российская Федерация
Организация RKP
Дата составления 20021218
801 #2 - ИСТОЧНИК ЗАПИСИ
Страна Российская Федерация
Организация NLR
Дата составления 20120827
Правила каталогизации rcr
942 ## - ДОПОЛНИТЕЛЬНЫЕ ЭЛЕМЕНТЫ ЗАПИСИ (АБИС)
Тип экземпляра АБИС Книга
980 ## - КОЛЛЕКЦИЯ
Название коллекции Национальная библиография
Экземпляры
Тип экземпляра Дата поступления Источник поступления Библиотека постоянного хранения Библиотека текущего хранения Место хранения Шифр хранения Штрих-код Статус экземпляра
Книга 24.12.2002 Обязательный экземпляр РНБ (Московский) РНБ (Московский) Русский книжный фонд: издания с 1957 года 2002-3/31450 1-188597  
Книга 24.12.2002 Обязательный экземпляр РНБ (Московский) РНБ (Московский) Русский книжный фонд: издания с 1957 года 2002-3/31450 1-3234236